| 000 | 01078nam a2200217 4500 | ||
|---|---|---|---|
| 008 | 170713b xxu||||| |||| 00| 0 eng d | ||
| 020 | _a1-55813-061-6 | ||
| 082 |
_21997 _aDC 361.680975 _bJ92w |
||
| 100 |
_921237 _aJudy, Richard W |
||
| 245 |
_aWorkforce 2020 : _bwork and workers in the 21st century / _cRichard W. Judy and Carol D'Amico ; with contributions by Gary L. Geipel [and 4 others] |
||
| 260 |
_aIndianapolis, Ind. : _bHudson Institute, _c©1997. |
||
| 300 |
_axvi, 158 pages : _bcolor illustrations ; _c22 cm. |
||
| 500 | _aIncludes bibliographical references and index. | ||
| 505 | _a1. The forces shaping the American economy. -- 2. Changes in work, compensation, and occupations. -- 3. The workforce to the year 2020. -- 4. Rising to the challenges of workforce 2020 | ||
| 650 | 0 |
_921238 _aWorking class -- United States -- Forecasting |
|
| 650 | 0 |
_921239 _aWorking class -- Research -- United States |
|
| 650 | 0 |
_921240 _aMinorities -- Employment -- United States |
|
| 700 |
_921241 _aD'Amico, Carol |
||
| 700 |
_921242 _aGeipel, Gary L |
||
| 942 |
_2ddc _cDC |
||
| 999 |
_c7021 _d7021 |
||